Library of the University of Algiers 3
Ibrahim Sultan Cheibout
شعار جامعة الجزائر 3
مكتبة جامعة الجزائر 3
إبراهيم سلطان شيبوط

محاضرات في مقياس المراجعة والتدقيق الجبائي : (رقم التسجيلة. 41253)

تفاصيل مارك
000 -LEADER
fixed length control field 01876nam a2200217Ia 4500
003 - CONTROL NUMBER IDENTIFIER
control field Ost
005 - DATE AND TIME OF LATEST TRANSACTION
control field 20260416102357.0
008 - FIXED-LENGTH DATA ELEMENTS--GENERAL INFORMATION
fixed length control field 260416s9999||||xx |||||||||||||| ||und||
040 ## - CATALOGING SOURCE
Transcribing agency fsecg
041 ## - LANGUAGE CODE
Language code of text/sound track or separate title ara
082 ## - DEWEY DECIMAL CLASSIFICATION NUMBER
Classification number 336.2
100 ## - MAIN ENTRY--PERSONAL NAME
Personal name لجناف،عبد الرزاق
Relator term مؤلف
245 #0 - TITLE STATEMENT
Title محاضرات في مقياس المراجعة والتدقيق الجبائي :
Remainder of title موجهة لفائدة سنة الاولى ماستر تخصص محاسبة و تدقيق /
Statement of responsibility, etc. عبد الرزاق لجناف
260 ## - PUBLICATION, DISTRIBUTION, ETC.
Place of publication, distribution, etc. الجزائر
Name of publisher, distributor, etc. جامعة الجزائر3: كلية العلوم الإقتصادية، العلوم التجارية وعلوم التسيير
Date of publication, distribution, etc. 2021
300 ## - PHYSICAL DESCRIPTION
Extent 168 ورقة
Other physical details ايضاحات
Dimensions 30 سم
504 ## - BIBLIOGRAPHY, ETC. NOTE
Bibliography, etc. note مراجع ص.161
520 ## - SUMMARY, ETC.
Summary, etc. مفاهيم عامة حول الجباية القانون الضريبي قوانين الاستثمار و الامتياز الجبائي مع الالمام بمحتوى مكونات النظام الضريبي الجزائري، الاطار المفاهيمي لعملية المراجعة الجبائية ، علاقة المراجعة الجبائية بباقي المراجعات الاخرى ، أشكال المراجعة الجبائية وفق التشريع الجزائري، المراجعة الجبائية المعمقة على محاسبة الشركات العرض النقدي و التطبيقات ، التحقيق المعمق في الوضعية الجبائية الشاملة للمكلف العرض النظري و التطبيقات ، باقي أنواع المراجعات الجبائية الأخرى العرض النظري و التطبيقات.
653 ## - INDEX TERM--UNCONTROLLED
Uncontrolled term الضرائب
710 ## - ADDED ENTRY--CORPORATE NAME
Corporate name or jurisdiction name as entry element جامعة الجزائر3: كلية العلوم الإقتصادية، العلوم التجارية وعلوم التسيير
Relator term ناشر علمي
942 ## - ADDED ENTRY ELEMENTS (KOHA)
Koha item type مطبوعات
المقتنيات
Withdrawn status Lost status Source of classification or shelving scheme Damaged status Not for loan Home library Current library Date acquired Serial enumeration / chronology Inventory number Total checkouts Full call number Barcode Date last seen Price effective from Koha item type
    Dewey Decimal Classification   NOT LOAN / إعارة داخلية مكتبة كلية العلوم الإقتصادية والعلوم التجارية وعلوم التسيير مكتبة كلية العلوم الإقتصادية والعلوم التجارية وعلوم التسيير 16/04/2026 الطابق الثاني مط.465-1   مط.465 ن1 مط.465-1 16/04/2026 16/04/2026 مطبوعات

موارد الويب المفتوحة


© University of Algiers 3 All Rights Reserved
|
Implemented by LECHELAH Riad